000 00597nam a2200229Ia 4500
003 OSt
005 20221007071851.0
006 a|||||r|||| 00| 0
007 ta
008 221006b |||||||| |||| 00| 0 eng d
024 _a14,923
037 _cTextual
040 _aFLL
_cFLL
_beng
041 _2eng
_aeng
082 _aV2:2:M7, A
100 _aChesney George Au.
_9689587
245 0 _aIndian polity
260 _aLondon
_bLongman Green and comp. London
_c1870
300 _a488p
_ccm.
942 _hV2:2:M7, A
_cTEXL
_2CC
999 _c1144522
_d1144522